| 000 | 00383nam a2200121Ia 4500 | ||
|---|---|---|---|
| 008 | 191014s9999 xx 000 0 und d | ||
| 082 |
_a515.15 _bHAY |
||
| 100 |
_aProf.Muhammad Amin Chaudhary _924073 |
||
| 245 | 0 | _aCalculus and Analytical Geometry Mathematics(Second Year) | |
| 260 |
_aPakistan _bPunjab Curriculum and Textbook Board Lahore _c2019 |
||
| 300 | _aPag,394 | ||
| 942 | _cBK | ||
| 999 |
_c531377 _d531377 |
||